Kirby Copy Abilities - Sudden Death - Statistics

General Stats
  • This quiz has been taken 277 times
  • The average score is 13 of 20
Answers on the Grid
Answers color-coded by a green-red scale on the quiz's grid according to % correct below.
Sword
Bomb
Mirror
Sleep
Spear
Animal
Ball
Circus
Throw
Yo-Yo
Wing
UFO
Water
Fire
Suplex
Paint
Ninja
Metal
Jet
Festival
Slice
Desert
Lava
Musketeer
Dream
Melt
Slime
Arrow
Wind
Earth
 
Answer Stats
Answer % Correct
Sword
77%
Fire
75%
Bomb
73%
Ninja
71%
Sleep
68%
Water
68%
Yo-Yo
68%
Spear
65%
UFO
65%
Paint
64%
Wing
64%
Ball
62%
Mirror
62%
Suplex
62%
Jet
61%
Festival
59%
Throw
59%
Metal
58%
Animal
57%
Circus
57%
No matching quizzes found
Score Distribution
Percent of People with Each Score
Percentile by Number Answered
Your Score History
You have not taken this quiz